<?xml version="1.0" encoding="UTF-8"?><?xml-stylesheet type="text/xsl" href="static/style.xsl"?><OAI-PMH xmlns="http://www.openarchives.org/OAI/2.0/" xmlns:xsi="http://www.w3.org/2001/XMLSchema-instance" xsi:schemaLocation="http://www.openarchives.org/OAI/2.0/ http://www.openarchives.org/OAI/2.0/OAI-PMH.xsd"><responseDate>2026-04-18T14:17:20Z</responseDate><request verb="GetRecord" identifier="oai:riubu.ubu.es:10259/4714" metadataPrefix="marc">https://riubu.ubu.es/oai/request</request><GetRecord><record><header><identifier>oai:riubu.ubu.es:10259/4714</identifier><datestamp>2024-07-18T09:34:00Z</datestamp><setSpec>com_10259_9431</setSpec><setSpec>com_10259_5087</setSpec><setSpec>com_10259_2728</setSpec><setSpec>col_10259_9432</setSpec></header><metadata><record xmlns="http://www.loc.gov/MARC21/slim" xmlns:doc="http://www.lyncode.com/xoai" xmlns:xsi="http://www.w3.org/2001/XMLSchema-instance" xmlns:dcterms="http://purl.org/dc/terms/" xsi:schemaLocation="http://www.loc.gov/MARC21/slim http://www.loc.gov/standards/marcxml/schema/MARC21slim.xsd">
<leader>00925njm 22002777a 4500</leader>
<datafield tag="042" ind1=" " ind2=" ">
<subfield code="a">dc</subfield>
</datafield>
<datafield tag="720" ind1=" " ind2=" ">
<subfield code="a">Azpiazu Baranda, Vanessa</subfield>
<subfield code="e">author</subfield>
</datafield>
<datafield tag="520" ind1=" " ind2=" ">
<subfield code="a">El modelo educativo Comunidades de Aprendizaje da respuesta a los principales desafíos del sistema educativo español, el fracaso escolar y la falta de cohesión social.&#xd;
Las Comunidades de Aprendizaje se definen como un proyecto de transformación social y cultural de un centro educativo y su entorno, que basa sus actuaciones educativas en evidencias científicas, en el aprendizaje dialógico, y en la participación de las familias y la comunidad.&#xd;
Este Trabajo Fin de Grado realiza un recorrido en profundidad por el proyecto Comunidades de Aprendizaje, presentando las bases teóricas y prácticas, y principales actuaciones, sobre las que se desarrolla esta propuesta educativa. Además, se recogen las experiencias educativas de dos centros de la provincia de Burgos. La primera de ellas describe el proceso de transformación del C.R.A. Rosa Chacel en Comunidad de Aprendizaje. Finalmente, se relata la trayectoria del Colegio Apóstol San Pablo, transformado en Comunidad de Aprendizaje desde el año 2005, y pionero en la Comunidad de Castilla y León.</subfield>
</datafield>
<datafield tag="520" ind1=" " ind2=" ">
<subfield code="a">The educational model Learning Communities responds to the main challenges of the Spanish education system, school failure and lack of social cohesion. The Learning Communities are defined as a project of social and cultural transformation of an educational center and its surroundings, which is based on educational actions on scientific evidence, in dialogical learning, and in the participation of families and the community. This Final Project carries out an in-depth tour of the Learning Communities project, presenting the theoretical and practical bases, and main actions, on which this educational proposal is developed. In addition, the educational experiences of two schools in the province of Burgos are collected. The first describes the transformation process of C.R.A. Rosa Chacel in Learning Community. Finally, the biography of the San Pablo Apostle, which was transformed into a Learning Community in 2005, and is pioneer in the Community of Castilla y León.</subfield>
</datafield>
<datafield tag="024" ind2=" " ind1="8">
<subfield code="a">http://hdl.handle.net/10259/4714</subfield>
</datafield>
<datafield ind1=" " ind2=" " tag="653">
<subfield code="a">Comunidades de aprendizaje</subfield>
</datafield>
<datafield ind1=" " ind2=" " tag="653">
<subfield code="a">Escuela inclusiva</subfield>
</datafield>
<datafield ind1=" " ind2=" " tag="653">
<subfield code="a">Aprendizaje dialógico</subfield>
</datafield>
<datafield ind1=" " ind2=" " tag="653">
<subfield code="a">Actuaciones educativas de éxito (AEE)</subfield>
</datafield>
<datafield ind1=" " ind2=" " tag="653">
<subfield code="a">Learning Communities</subfield>
</datafield>
<datafield ind1=" " ind2=" " tag="653">
<subfield code="a">Inclusive School</subfield>
</datafield>
<datafield ind1=" " ind2=" " tag="653">
<subfield code="a">Dialogical Learning</subfield>
</datafield>
<datafield ind1=" " ind2=" " tag="653">
<subfield code="a">Successful Educational Performances</subfield>
</datafield>
<datafield tag="245" ind1="0" ind2="0">
<subfield code="a">Comunidades de aprendizaje en Burgos y provincia: el modelo de escuela que todos soñamos</subfield>
</datafield>
</record></metadata></record></GetRecord></OAI-PMH>